Théatre d'Eschyle / (Record no. 102863)

MARC details
000 -LEADER
campo de control de longitud fija 00618nam a22001935i 4500
001 - NÚMERO DE CONTROL
campo de control 102863
003 - IDENTIFICADOR DE NÚMERO DE CONTROL
campo de control ES-MaACL
005 - FECHA Y HORA DE LA ÚLTIMA TRANSACCIÓN
campo de control 20230906183213.0
007 - CAMPO FIJO DE DESCRIPCIÓN FÍSICA--INFORMACIÓN GENERAL
campo de control de longitud fija t|
008 - DATOS DE LONGITUD FIJA--INFORMACIÓN GENERAL
campo de control de longitud fija 950928s1880 fr ||||1| fre d
040 ## - FUENTE DE CATALOGACIÓN
Centro catalogador/agencia de origen CAM
Lengua de catalogación spa
Centro/agencia transcriptor CAM
100 1# - ENTRADA PRINCIPAL--NOMBRE DE PERSONA
Nombre de persona Esquilo.
9 (RLIN) 47970
245 10 - MENCIÓN DEL TÍTULO
Título Théatre d'Eschyle /
Mención de responsabilidad, etc. traduction française de F.J.G. de la Porte du Theil; avec une introduction par Louis Humbert.
260 ## - PUBLICACIÓN, DISTRIBUCIÓN, ETC.
Lugar de publicación, distribución, etc. Paris :
Nombre del editor, distribuidor, etc. Garnier fréres,
Fecha de publicación, distribución, etc. [1880]
300 ## - DESCRIPCIÓN FÍSICA
Extensión LXI,[4], 325, [1] p. ;
Dimensiones 19 cm.
700 1# - ENTRADA AGREGADA--NOMBRE PERSONAL
Nombre de persona La Porte du Theil, Gabriel de.
9 (RLIN) 69174
700 1# - ENTRADA AGREGADA--NOMBRE PERSONAL
Nombre de persona Humbert, Louis.
9 (RLIN) 64708
852 ## - LOCALIZACIÓN
Ubicación ES-MaACL
Número de control de estantería D-1034
Holdings
Estatus retirado Estado de pérdida Estado de daño No para préstamo Colección Biblioteca de origen Biblioteca actual Ubicación en estantería Fecha de adquisición Fuente de adquisición Total de préstamos Signatura topográfica completa Código de barras Visto por última vez Precio de reemplazo Tipo de ítem Koha
        Libros del s. XIX Biblioteca del Ateneo de Madrid Biblioteca del Ateneo de Madrid Sala Valle Inclán 17/01/2008     D-1034 901107387 23/02/2023 23/02/2023 Libro impreso antiguo